Refractional influences in astrometry and geodesy (Record no. 6530)

MARC details
000 -LEADER
fixed length control field 00656nam a2200217Ia 4500
003 - CONTROL NUMBER IDENTIFIER
control field IN-BaIIA
008 - FIXED-LENGTH DATA ELEMENTS--GENERAL INFORMATION
fixed length control field 211028s9999 xx 000 0 eng d
020 ## - INTERNATIONAL STANDARD BOOK NUMBER
International Standard Book Number 90-277-1037-6
040 ## - CATALOGING SOURCE
Transcribing agency IIA Library
080 ## - UNIVERSAL DECIMAL CLASSIFICATION NUMBER
Universal Decimal Classification number 082.2:52
Item number IAU-S89
100 ## - MAIN ENTRY--PERSONAL NAME
Personal name Tengstrom, Erik
9 (RLIN) 11178
245 #0 - TITLE STATEMENT
Title Refractional influences in astrometry and geodesy
Statement of responsibility, etc. Erik Tengstrom, G Teleki and Ingegerd Ohlsson
260 ## - PUBLICATION, DISTRIBUTION, ETC.
Place of publication, distribution, etc. Dordrecht
Name of publisher, distributor, etc. D. Reidel Publishing
Date of publication, distribution, etc. 1979
300 ## - PHYSICAL DESCRIPTION
Extent xxiv, 394p.
650 ## - SUBJECT ADDED ENTRY--TOPICAL TERM
Topical term or geographic name entry element Astrometry
650 ## - SUBJECT ADDED ENTRY--TOPICAL TERM
Topical term or geographic name entry element Astronomy and Astrophysics Thesaurus
650 ## - SUBJECT ADDED ENTRY--TOPICAL TERM
Topical term or geographic name entry element Geodesy
700 ## - ADDED ENTRY--PERSONAL NAME
Personal name Ohlsson Ingegerd
9 (RLIN) 11179
700 ## - ADDED ENTRY--PERSONAL NAME
Personal name Teleki, George
9 (RLIN) 11180
942 ## - ADDED ENTRY ELEMENTS (KOHA)
Koha item type Books
Holdings
Withdrawn status Lost status Damaged status Not for loan Home library Current library Shelving location Date acquired Total Checkouts Full call number Barcode Date last seen Price effective from Koha item type Purchase Price
        IIA Library-Bangalore IIA Library-Bangalore General Stacks 06/08/1980   082.2:52/ IAU-S89 7263 05/11/2021 06/08/1980 Books DFL 95.00/

Powered by Koha